| 000 | 00448nam a2200193Ia 4500 | ||
|---|---|---|---|
| 008 | 210210b1937 xxu||||| |||| 00| 0 eng d | ||
| 041 | _aeng | ||
| 082 | _a531/128 | ||
| 100 | _aTAYLOR (H J) | ||
| 245 | _aPhysics: an introductory text book | ||
| 260 |
_aLondon _bHumphrey Milford _c1937 |
||
| 300 | _aviii,448 | ||
| 650 | _atext | ||
| 650 | _aPhysics: | ||
| 650 | _aintroductory | ||
| 650 | _abook | ||
| 690 | _aPhysics | ||
| 906 | _a008329 | ||
| 999 |
_c126203 _d126203 |
||